Chapman Library

The law of Christ- the Christian ethics and modern problems (Record no. 4597)

000 -LEADER
fixed length control field 00308nam a22001217a 4500
020 ## - INTERNATIONAL STANDARD BOOK NUMBER
ISBN N/A
050 ## - LIBRARY OF CONGRESS CALL NUMBER
Classification number BJ 1251 lil
100 ## - MAIN ENTRY--AUTHOR NAME
Personal name LILLIE, William
245 ## - TITLE STATEMENT
Title The law of Christ- the Christian ethics and modern problems
260 ## - PUBLICATION, DISTRIBUTION, ETC. (IMPRINT)
Place of publication London
Name of publisher Hodder snd Stoughton
Year of publication 1956
300 ## - PHYSICAL DESCRIPTION
Number of Pages 119p.;
942 ## - ADDED ENTRY ELEMENTS (KOHA)
Koha item type Books
Holdings
Koha item type Collection code Shelving location Accession Number Permanent Location Current Location Date acquired Full call number
BooksLendingLending7014 Chapman LibraryChapman Library2018-02-23BJ 1251 lil


CSUC Chapman Library is a Koha Automated Library.


Contact us: library@csuc.edu.gh.